All U.S. cities with >300k population - Statistics

General Stats
  • This quiz has been taken 238 times
  • The average score is 61 of 70
Answers on the Map
Answers color-coded by a green-red scale on the quiz's map according to % correct below.
 
Answer Stats
Population City % Correct
460,289 Miami
99%
8,258,035 New York CIty
99%
2,638,159 Chicago
98%
1,302,753 Dallas
98%
2,319,119 Houston
98%
665,640 Las Vegas
98%
3,795,936 Los Angeles
98%
514,465 Atlanta
97%
646,622 Boston
97%
325,044 Orlando
97%
631,524 Detroit
96%
759,915 Seattle
96%
681,683 Washington D.C.
96%
984,567 Austin
95%
876,665 Indianapolis
95%
511,532 Kansas City
95%
357,767 New Orleans
95%
709,330 Oklahoma City
95%
1,662,607 Phoenix
95%
1,388,996 San Diego
95%
788,478 San Francisco
95%
716,234 Denver
94%
423,250 Minneapolis
94%
1,533,828 Philadelphia
94%
997,164 Jacksonville
93%
526,669 Sacramento
93%
558,736 Albuquerque
92%
339,558 Honolulu
92%
622,882 Portland
92%
1,513,974 San Antonio
92%
408,510 Tampa
92%
559,266 Baltimore
91%
311,595 Cincinnati
91%
359,606 Cleveland
91%
915,427 Columbus
91%
613,110 Memphis
91%
556,111 MIlwaukee
91%
687,150 Nashville
91%
923,164 Charlotte
90%
678,859 El Paso
90%
303,413 Pittsburgh
90%
620,004 Louisville
87%
480,194 Omaha
87%
487,942 Raleigh
87%
956,433 San Jose
87%
301,380 St. Paul
86%
491,441 Colorado Springs
85%
996,756 Fort Worth
85%
451,637 Virginia Beach
84%
303,065 Newark
83%
548,772 Tucson
83%
411,308 Tulsa
83%
435,024 Oakland
82%
546,718 Fresno
81%
395,484 Wichita
80%
316,105 Corpus Christi
76%
319,329 Lexington
76%
338,463 Anaheim
74%
416,081 Bakersfield
74%
513,567 Mesa
73%
444,095 Long Beach
71%
397,811 Aurora
70%
399,825 Arlington
68%
300,100 Durham
68%
304,279 Greensboro
67%
343,382 Henderson
65%
320,121 Riverside
64%
319,065 Stockton
61%
310,304 Santa Ana
59%
316,691 Irvine
52%
No matching quizzes found
Score Distribution
Percent of People with Each Score
Percentile by Number Answered
Your Score History
You have not taken this quiz